000 00710nam0a22002411 4500
001 rc\149926
005 20250620210531.0
010 _a5-86883-013-X
_910000
035 _a(NLR Aleph) 005418502
090 _a7449586
_c7449586
100 _a20030307d1994 |||y0rusy50 ca
101 0 _arus
102 _aRU
105 _aa |||||||||
200 1 _aПлеменное дело в служебном собаководстве
210 _aДомодедово
_aМ.
_cВАП
_d1994
215 _a204, [2] с.
_cил.
_d21
700 1 _aМазовер
_bА.П.
_gАлександр Павлович
801 0 _aRU
_bNLR
_gpsbo
801 1 _aRU
_bELAR
_2rusmarc
852 _aNLR
_j95-3/2355
942 _cBOOK
980 _aNB